Eagle against the sun (Record no. 1075799)

MARC details
000 -LEADER
fixed length control field 00709nam a2200253Ia 4500
003 - CONTROL NUMBER IDENTIFIER
control field OSt
005 - DATE AND TIME OF LATEST TRANSACTION
control field 20221006143000.0
008 - FIXED-LENGTH DATA ELEMENTS--GENERAL INFORMATION
fixed length control field 221006b |||||||| |||| 00| 0 eng d
020 ## - INTERNATIONAL STANDARD BOOK NUMBER
International Standard Book Number 9780670806867
037 ## - SOURCE OF ACQUISITION
Terms of availability Textual
040 ## - CATALOGING SOURCE
Original cataloging agency EASL
Transcribing agency EASL
Language of cataloging eng
041 ## - LANGUAGE CODE
Source of code eng
Language code of text/sound track or separate title eng
100 ## - MAIN ENTRY--PERSONAL NAME
Personal name SPECTOR Ronald H
9 (RLIN) 648877
245 #0 - TITLE STATEMENT
Title Eagle against the sun
Remainder of title The American war with Japan
260 ## - PUBLICATION, DISTRIBUTION, ETC.
Place of publication, distribution, etc. New York
Name of publisher, distributor, etc. Penguin Books
Date of publication, distribution, etc. 1985
300 ## - PHYSICAL DESCRIPTION
Extent 589p.
Dimensions cm.
490 ## - SERIES STATEMENT
Volume/sequential designation JEL
942 ## - ADDED ENTRY ELEMENTS (KOHA)
Classification part V42:1973,(zM).N45, M5
Koha item type Textual
Source of classification or shelving scheme Colon Classification (CC)
Holdings
Withdrawn status Lost status Source of classification or shelving scheme Damaged status Not for loan Home library Current library Date acquired Serial Enumeration / chronology Total Checkouts Full call number Barcode Date last seen Price effective from Koha item type
    Colon Classification (CC)     Department of East Asian Studies Library Department of East Asian Studies Library 2022-10-06 JEL   V42:1973,(zM).N45 M5 EA0791821 2022-10-06 2022-10-06 Textual
Copyright @ Delhi University Library System